The changing position of the Taiwanese semiconductor industry

Bibliográfiai részletek
Szerző: Szávó Lóránd Levente
Dokumentumtípus: Könyv része
Megjelent: Budapesti Gazdaságtudományi Egyetem Budapest 2025
Sorozat:Szemelvények a BGE kutatásaiból 2024
Tárgyszavak:
doi:10.29180/978-615-6886-21-7_20

Kulcsszavak:Chip-industry
Semiconductor
TSMC
Developmental state
SMIC
Online Access:http://publikaciotar.uni-bge.hu/2583

MARC

LEADER 00000naa a2200000 i 4500
001 publ2583
005 20251125141809.0
008 251125s2025 hu o 000 zxx d
020 |a 978-615-6886-21-7 
024 |a 10.29180/978-615-6886-21-7_20  |2 doi 
040 |a BGE Publikációtár Repozitórium  |b hun 
100 1 |a Szávó Lóránd Levente 
245 1 4 |a The changing position of the Taiwanese semiconductor industry  |c Szávó Lóránd Levente  |h [elektronikus dokumentum] 
260 |a Budapesti Gazdaságtudományi Egyetem  |b Budapest  |c 2025 
300 |a 186-193 
490 0 |a Szemelvények a BGE kutatásaiból 2024 
650 4 |a regionális tudományok 
695 |a Chip-industry 
695 |a Semiconductor 
695 |a TSMC 
695 |a Developmental state 
695 |a SMIC 
856 4 0 |u https://publikaciotar.uni-bge.hu/id/eprint/2583/1/BGE%20Szemelv%C3%A9nyek%202024%20III.%20k%C3%B6tet_20.pdf  |z Dokumentum-elérés